| 000 | 00386cam a2200145Ia 4500 | ||
|---|---|---|---|
| 020 | _a1558400486 | ||
| 040 | _cDOL | ||
| 082 | _a628 EXE 1989 A110 Or. | ||
| 100 | 1 | _aFrye, Russell S | |
| 245 | 1 | 4 | _aThe clean water act compliance handbook / |
| 260 |
_aNew York, N.Y. : _bExecutive Enterprises Publications, _cc1989 |
||
| 300 |
_aviii, 124 p. ; _c28 cm |
||
| 650 | 0 | _aWater | |
| 942 | _cEK | ||
| 999 |
_c16776 _d16776 |
||